[Event "Villa Ballester MAG"]
[Site "Villa Ballester"]
[Date "1995.??.??"]
[Round "?"]
[White "Toloza Soto, Pablo Alejandro"]
[Black "Rodriguez Vila, Andres"]
[Result "1-0"]
[WhiteElo "2230"]
[BlackElo "2435"]
[PlyCount "104"]
[EventDate "1995.??.??"]
[EventType "tourn"]
[EventRounds "11"]
[EventCountry "ARG"]
[EventCategory "4"]
[SourceTitle "EXT 2002"]
[Source "ChessBase"]
[SourceDate "2001.11.25"]
[SourceVersion "1"]
[SourceVersionDate "2001.11.25"]
[SourceQuality "1"]

1. e4 e6 2. d4 d5 3. Nd2 Nf6 4. e5 Nfd7 5. c3 c5 6. f4 Nc6 7. Ndf3 Qb6 8. h4 f6
9. Ne2 cxd4 10. cxd4 Bb4+ 11. Nc3 a5 12. g3 O-O 13. a3 Bxc3+ 14. bxc3 a4 15.
Bd3 Qb3 16. Qd2 Na5 17. Rb1 Nc4 18. Bxh7+ Kxh7 19. Qd3+ Kg8 20. Rxb3 axb3 21.
Qb1 Nxa3 22. Qxb3 Nc4 23. Qb1 f5 24. Ng5 Ndb6 25. O-O Bd7 26. Qd3 g6 27. h5 Kg7
28. g4 Rh8 29. Qg3 Rh6 30. hxg6 Rah8 31. gxf5 exf5 32. Qg2 Rxg6 33. Rf3 Nc8 34.
Rg3 Ne7 35. Nf3 Rhh6 36. Kf2 Rg4 37. Rxg4+ fxg4 38. f5 Bxf5 39. Bxh6+ Kxh6 40.
Qh2+ Kg6 41. Qh4 Kf7 42. Qf6+ Ke8 43. e6 Bxe6 44. Ne5 Nxe5 45. Qxe5 Kf7 46. Qb8
Bc8 47. Ke3 Kf6 48. Qd6+ Kf7 49. Qc7 Kf6 50. Qd8 Kf7 51. Kf4 Be6 52. Qc7 b5 1-0

[Event "Villa Martelli"]
[Site "Villa Martelli"]
[Date "1995.??.??"]
[Round "3"]
[White "Malbran, Guillermo"]
[Black "Rodriguez Vila, Andres"]
[Result "1/2-1/2"]
[WhiteElo "2355"]
[BlackElo "2490"]
[PlyCount "139"]
[EventDate "1995.??.??"]
[EventType "swiss"]
[EventRounds "8"]
[EventCountry "ARG"]
[SourceTitle "EXT 1997"]
[Source "ChessBase"]
[SourceDate "1996.11.15"]
[SourceVersion "1"]
[SourceVersionDate "1996.11.15"]
[SourceQuality "1"]

1. e4 e6 2. d4 d5 3. Nc3 Bb4 4. exd5 exd5 5. Bd3 Ne7 6. Nf3 Bg4 7. O-O Nbc6 8.
Be3 Qd7 9. h3 Bh5 10. Re1 O-O-O 11. a3 Bd6 12. b4 Rde8 13. Nb5 f6 14. c4 dxc4
15. Bxc4 Nf5 16. d5 Bxf3 17. dxc6 Bxc6 18. Nxa7+ Kb8 19. Nxc6+ Qxc6 20. Qd5
Qxd5 21. Bxd5 Be5 22. Rab1 Bc3 23. Re2 Bd4 24. Rbe1 Bxe3 25. fxe3 Re5 26. Bc4
Rd8 27. Kf2 b5 28. Ba2 Rd3 29. Bb1 Rxa3 30. g4 Ne7 31. Bxh7 Nd5 32. Rb2 Nxe3
33. Bg8 f5 34. Rb3 Ra2+ 35. Kg3 Nxg4 36. Rxe5 Nxe5 37. Re3 Nc4 38. Bxc4 bxc4
39. Rc3 g5 40. Rxc4 Ra3+ 41. Kg2 Rb3 42. Rc5 g4 43. hxg4 fxg4 44. Rc4 g3 45.
Kh3 Kb7 46. Kg2 c6 47. Kh3 Kb6 48. Kg2 Re3 49. Kh3 Rf3 50. Kg2 Rf6 51. Kxg3 Kb5
52. Rd4 Rf1 53. Kg2 Rb1 54. Kf3 Rxb4 55. Rd8 Kc4 56. Ke2 c5 57. Rc8 Rb5 58. Kd2
Kb3 59. Kd3 Kb4 60. Rh8 Rb7 61. Kc2 Rg7 62. Rh4+ c4 63. Rh2 Rg3 64. Kb2 Rb3+
65. Ka2 Rd3 66. Kb2 Rg3 67. Rh8 Rd3 68. Kc2 Rg3 69. Rb8+ Kc5 70. Rc8+ 1/2-1/2

[Event "Villa Martelli"]
[Site "Villa Martelli"]
[Date "1995.??.??"]
[Round "4"]
[White "Rodriguez Vila, Andres"]
[Black "Berrocal Farina, Jorge"]
[Result "1/2-1/2"]
[WhiteElo "2490"]
[BlackElo "2275"]
[PlyCount "72"]
[EventDate "1995.??.??"]
[EventType "swiss"]
[EventRounds "8"]
[EventCountry "ARG"]
[SourceTitle "EXT 1997"]
[Source "ChessBase"]
[SourceDate "1996.11.15"]
[SourceVersion "1"]
[SourceVersionDate "1996.11.15"]
[SourceQuality "1"]

1. e4 c5 2. Nf3 d6 3. d4 cxd4 4. Nxd4 Nf6 5. Nc3 Nc6 6. Be3 g6 7. f3 Bg7 8. Qd2
O-O 9. Bc4 Bd7 10. O-O-O Rc8 11. Bb3 Ne5 12. h4 h5 13. Bg5 Rc5 14. g4 hxg4 15.
f4 Nc4 16. Qd3 b5 17. Bxf6 Bxf6 18. e5 dxe5 19. Ndxb5 Qc8 20. Qxd7 exf4 21.
Qxc8 Rfxc8 22. Nxa7 Nxb2 23. Nxc8 Nxd1 24. Ne4 Rxc8 25. Kxd1 Kg7 26. a4 Bd4 27.
Ng5 Rb8 28. Ke2 f3+ 29. Kd3 Ba7 30. Bxf7 g3 31. Bd5 g2 32. Re1 g1=Q 33. Rxe7+
Kf6 34. Rf7+ Ke5 35. Nxf3+ Kxd5 36. Nxg1 Bxg1 1/2-1/2

[Event "Villa Martelli"]
[Site "Villa Martelli"]
[Date "1995.??.??"]
[Round "7"]
[White "Sorokin, Maxim"]
[Black "Rodriguez Vila, Andres"]
[Result "1-0"]
[WhiteElo "2550"]
[BlackElo "2490"]
[PlyCount "77"]
[EventDate "1995.??.??"]
[EventType "swiss"]
[EventRounds "8"]
[EventCountry "ARG"]
[SourceTitle "EXT 1997"]
[Source "ChessBase"]
[SourceDate "1996.11.15"]
[SourceVersion "1"]
[SourceVersionDate "1996.11.15"]
[SourceQuality "1"]

1. Nf3 f5 2. b3 Nf6 3. Bb2 g6 4. d4 Bg7 5. g3 O-O 6. Bg2 d6 7. O-O c6 8. Nbd2
Na6 9. c4 Qe8 10. Qc2 h6 11. Rfe1 Qf7 12. e4 Nb4 13. Qc3 fxe4 14. Qxb4 exf3 15.
Nxf3 g5 16. Re2 a5 17. Qe1 Qh5 18. Rxe7 Bg4 19. Nd2 Rae8 20. d5 Be2 21. Rxe8
Rxe8 22. Bxf6 Bxf6 23. Ne4 Bd4 24. dxc6 bxc6 25. Rc1 c5 26. Qd2 Rf8 27. Re1 Bg4
28. Qxa5 Bf5 29. Kh1 Bxe4 30. Bxe4 Bxf2 31. Bd5+ Kh8 32. Rf1 Qe2 33. Bg2 Rf6
34. a4 h5 35. Qa8+ Kg7 36. Qe4 Qd2 37. a5 Kh6 38. Qe7 Qd4 39. a6 1-0

[Event "Villa Ballester op 45th"]
[Site "Villa Ballester"]
[Date "1995.??.??"]
[Round "?"]
[White "Rodriguez Vila, Andres"]
[Black "Panno, Oscar"]
[Result "0-1"]
[WhiteElo "2435"]
[BlackElo "2530"]
[PlyCount "122"]
[EventDate "1995.01.??"]
[EventType "swiss"]
[EventRounds "7"]
[EventCountry "ARG"]
[SourceTitle "EXT 2002"]
[Source "ChessBase"]
[SourceDate "2001.11.25"]
[SourceVersion "1"]
[SourceVersionDate "2001.11.25"]
[SourceQuality "1"]

1. e4 c5 2. Nf3 Nc6 3. d4 cxd4 4. Nxd4 g6 5. Ne2 Nf6 6. Nbc3 Bg7 7. g3 d6 8.
Bg2 Bd7 9. O-O Qc8 10. Nf4 O-O 11. a4 Re8 12. Ncd5 Nxd5 13. Nxd5 Rb8 14. c3 Bh3
15. Bxh3 Qxh3 16. f4 e6 17. Ne3 Rbd8 18. Qb3 Rd7 19. Bd2 d5 20. exd5 exd5 21.
Rae1 d4 22. Nd5 Rxe1 23. Rxe1 h5 24. c4 Qf5 25. a5 Kh7 26. a6 bxa6 27. Re8 d3
28. Ne3 Nd4 29. Qd1 Qh3 30. Kh1 Ne2 31. Qe1 Bxb2 32. Qf2 Bd4 33. Qg2 Qxg2+ 34.
Kxg2 Rb7 35. Kf3 f5 36. Rd8 Rb2 37. Nf1 Rc2 38. Rd7+ Kg8 39. c5 Bxc5 40. Rxd3
Nd4+ 41. Kg2 a5 42. Kh3 a4 43. Be3 Ne6 44. Rd7 a3 45. Bxc5 Nxc5 46. Rxa7 a2 47.
Ne3 Rd2 48. Nc4 Re2 49. Ra8+ Kg7 50. Ra7+ Kf6 51. Nb6 Ke6 52. Na4 Nxa4 53. Rxa4
Kd5 54. Ra8 Kc4 55. Kh4 Rxh2+ 56. Kg5 Rg2 57. Kxg6 Rxg3+ 58. Kxf5 Kb3 59. Rb8+
Kc2 60. Ra8 Kb2 61. Rb8+ Rb3 0-1

[Event "Villa Ballester op 45th"]
[Site "Villa Ballester"]
[Date "1995.??.??"]
[Round "?"]
[White "Rodriguez Vila, Andres"]
[Black "Tempone, Marcelo"]
[Result "1-0"]
[WhiteElo "2435"]
[BlackElo "2415"]
[PlyCount "67"]
[EventDate "1995.01.??"]
[EventType "swiss"]
[EventRounds "7"]
[EventCountry "ARG"]
[SourceTitle "EXT 2002"]
[Source "ChessBase"]
[SourceDate "2001.11.25"]
[SourceVersion "1"]
[SourceVersionDate "2001.11.25"]
[SourceQuality "1"]

1. e4 e5 2. Nf3 Nf6 3. d4 Nxe4 4. Bd3 d5 5. Nxe5 Bd6 6. Nc3 Nxc3 7. bxc3 O-O 8.
O-O Nd7 9. Re1 Bxe5 10. dxe5 Nc5 11. Qh5 Nxd3 12. cxd3 Qd7 13. Rb1 b6 14. Rb4
Qf5 15. Qd1 Ba6 16. Re3 Rfe8 17. Qe2 c5 18. Rh4 d4 19. cxd4 cxd4 20. Rxd4 Rac8
21. Bb2 Qe6 22. Ra4 b5 23. Ra5 b4 24. Rg3 g6 25. h4 Qb6 26. Ra4 Qb5 27. Qd1 Bb7
28. Rxa7 Bc6 29. h5 Re6 30. hxg6 hxg6 31. Qc1 Qd5 32. Qf4 Rf8 33. Qh6 Ra8 34.
Rc7 1-0

[Event "San Martin"]
[Site "San Martin"]
[Date "1995.??.??"]
[Round "1"]
[White "Rodriguez Vila, Andres"]
[Black "Garbarino, Rodolfo"]
[Result "0-1"]
[WhiteElo "2435"]
[BlackElo "2420"]
[PlyCount "120"]
[EventDate "1995.03.??"]
[EventType "tourn"]
[EventRounds "13"]
[EventCountry "ARG"]
[EventCategory "10"]
[SourceTitle "CBM 048"]
[Source "ChessBase"]
[SourceDate "1995.10.01"]
[SourceVersion "1"]
[SourceVersionDate "1995.10.01"]
[SourceQuality "1"]

1. e4 c5 2. Nf3 Nc6 3. d4 cxd4 4. Nxd4 Nf6 5. Nc3 d6 6. g3 g6 7. Nde2 Bg7 8.
Bg2 O-O 9. O-O Rb8 10. a4 a6 11. h3 b5 12. axb5 axb5 13. Nd5 Nd7 14. c3 Nc5 15.
Nd4 Bd7 16. Bg5 Re8 17. Nxc6 Bxc6 18. Ra7 Rb7 19. Rxb7 Bxb7 20. Qd2 f6 21. Be3
e6 22. b4 Nd7 23. Nf4 Ne5 24. Qe2 Nc4 25. Bc1 e5 26. Nd5 Bxd5 27. exd5 f5 28.
g4 e4 29. gxf5 gxf5 30. Qh5 Qd7 31. h4 Qf7 32. Qxf7+ Kxf7 33. Bh3 Bxc3 34. Bxf5
Bxb4 35. Bg5 Bd2 36. Rb1 Bxg5 37. hxg5 Re5 38. g6+ hxg6 39. Be6+ Kf6 40. Rxb5
Nd2 41. Rb8 Rg5+ 42. Kh2 Nf3+ 43. Kh3 Nd4 44. Re8 Re5 45. Rd8 Nxe6 46. dxe6
Rxe6 47. Kg4 Ke5 48. Ra8 Rf6 49. Kg3 d5 50. Ra5 Kd4 51. Kg2 Kc4 52. Ra4+ Kb3
53. Ra8 Kc4 54. Ra4+ Kb3 55. Ra8 d4 56. Re8 Rf4 57. Kg3 g5 58. Re5 d3 59. Kg2
d2 60. Rd5 Kc2 0-1

[Event "San Martin"]
[Site "San Martin"]
[Date "1995.??.??"]
[Round "2"]
[White "Nogueiras Santiago, Jesus"]
[Black "Rodriguez Vila, Andres"]
[Result "1/2-1/2"]
[WhiteElo "2550"]
[BlackElo "2435"]
[PlyCount "38"]
[EventDate "1995.03.??"]
[EventType "tourn"]
[EventRounds "13"]
[EventCountry "ARG"]
[EventCategory "10"]
[SourceTitle "CBM 048"]
[Source "ChessBase"]
[SourceDate "1995.10.01"]
[SourceVersion "1"]
[SourceVersionDate "1995.10.01"]
[SourceQuality "1"]

1. Nf3 f5 2. c4 Nf6 3. g3 g6 4. Bg2 Bg7 5. O-O O-O 6. Nc3 d6 7. d4 Na6 8. b3 c6
9. Ba3 Rb8 10. b4 b5 11. cxb5 cxb5 12. Qb3+ e6 13. Bc1 Qd7 14. Bf4 h6 15. h4
Nc7 16. a4 Nfd5 17. Rfc1 bxa4 18. Qxa4 Nxc3 19. Rxc3 Nb5 1/2-1/2

[Event "San Martin"]
[Site "San Martin"]
[Date "1995.??.??"]
[Round "4"]
[White "Ricardi, Pablo"]
[Black "Rodriguez Vila, Andres"]
[Result "1/2-1/2"]
[WhiteElo "2530"]
[BlackElo "2435"]
[PlyCount "118"]
[EventDate "1995.03.??"]
[EventType "tourn"]
[EventRounds "13"]
[EventCountry "ARG"]
[EventCategory "10"]
[SourceTitle "CBM 048"]
[Source "ChessBase"]
[SourceDate "1995.10.01"]
[SourceVersion "1"]
[SourceVersionDate "1995.10.01"]
[SourceQuality "1"]

1. d4 f5 2. c4 Nf6 3. Nc3 g6 4. g3 Bg7 5. Bg2 O-O 6. Nh3 d6 7. d5 Na6 8. Nf4
Nc5 9. O-O e5 10. dxe6 c6 11. Qc2 Nxe6 12. Rd1 Qe7 13. b3 Ne4 14. Bxe4 fxe4 15.
Be3 Ng5 16. Rac1 Be5 17. Kg2 Bg4 18. Qd2 Qd7 19. Kh1 Bf3+ 20. exf3 Nxf3 21. Qe2
Rxf4 22. Qf1 Rf5 23. Nxe4 Rh5 24. Qg2 Rf8 25. Nd2 Rxh2+ 26. Qxh2 Nxh2 27. Kxh2
Qg4 28. Re1 Rf5 29. Kg2 Rh5 30. Rh1 Rxh1 31. Rxh1 Bxg3 32. f3 Qe6 33. Bh6 Be5
34. Ne4 d5 35. cxd5 cxd5 36. Nf2 Bg7 37. Bf4 g5 38. Bd2 Bd4 39. Re1 Qf5 40. Ng4
Qc2 41. Re8+ Kf7 42. Re2 Qd3 43. Kf1 Qxf3+ 44. Rf2 Qxf2+ 45. Nxf2 Kg6 46. Nd3
Bb6 47. Ne5+ Kh5 48. Kg2 Bc7 49. Nd7 d4 50. Nc5 Kg4 51. Ne6 Be5 52. Nxg5 Bf4
53. Bxf4 Kxf4 54. Nxh7 Ke3 55. Kf1 Kd2 56. Ng5 d3 57. Ne4+ Ke3 58. Nf2 Kd2 59.
Ne4+ Ke3 1/2-1/2

[Event "San Martin"]
[Site "San Martin"]
[Date "1995.??.??"]
[Round "6"]
[White "Sorokin, Maxim"]
[Black "Rodriguez Vila, Andres"]
[Result "1-0"]
[WhiteElo "2535"]
[BlackElo "2435"]
[PlyCount "135"]
[EventDate "1995.03.??"]
[EventType "tourn"]
[EventRounds "13"]
[EventCountry "ARG"]
[EventCategory "10"]
[SourceTitle "CBM 048"]
[Source "ChessBase"]
[SourceDate "1995.10.01"]
[SourceVersion "1"]
[SourceVersionDate "1995.10.01"]
[SourceQuality "1"]

1. d4 f5 2. g3 Nf6 3. Bg2 g6 4. b3 Bg7 5. Bb2 O-O 6. Nf3 d6 7. O-O c6 8. c4 Na6
9. Nc3 Qe8 10. e3 Rb8 11. Rc1 b5 12. cxb5 cxb5 13. d5 Bd7 14. Ne2 b4 15. Bd4
Rb5 16. Nf4 h6 17. Bxf6 Bxf6 18. Nd4 Nc5 19. Nfe6 Bxe6 20. Nxb5 Qxb5 21. dxe6
Bc3 22. Qd5 Qe2 23. a4 h5 24. Bf3 Qa2 25. Rb1 Rc8 26. Qc4 Rf8 27. Bd5 Qc2 28.
Rbc1 Qd3 29. Rfd1 Qxc4 30. Bxc4 Kg7 31. Rd5 Rc8 32. Rdd1 Kf6 33. Kg2 Nxe6 34.
Bxe6 Kxe6 35. f4 Rg8 36. Kf3 d5 37. h3 g5 38. Rg1 Kf6 39. g4 fxg4+ 40. hxg4 h4
41. Rcd1 Rd8 42. e4 gxf4 43. g5+ Kg6 44. Rxd5 Rf8 45. Rh1 e5 46. Rxh4 Kxg5 47.
Rg4+ Kf6 48. Rd7 Rf7 49. Rd6+ Ke7 50. Rgg6 Bd4 51. Rge6+ Kf8 52. Rd8+ Kg7 53.
Rde8 Rc7 54. R8e7+ Rxe7 55. Rxe7+ Kf6 56. Rd7 Bb6 57. Rd5 Bc7 58. Rc5 Bd6 59.
Rc6 Ke7 60. Rc4 Ke6 61. Kg4 Kd7 62. Kf5 Ke7 63. Rc1 Bb8 64. Rc8 Bd6 65. Rh8 Kd7
66. Rh7+ Kc6 67. Rxa7 Bc7 68. Kg4 1-0

[Event "San Martin"]
[Site "San Martin"]
[Date "1995.??.??"]
[Round "7"]
[White "Rodriguez Vila, Andres"]
[Black "Valerga, Diego"]
[Result "1-0"]
[WhiteElo "2435"]
[BlackElo "2465"]
[PlyCount "115"]
[EventDate "1995.03.??"]
[EventType "tourn"]
[EventRounds "13"]
[EventCountry "ARG"]
[EventCategory "10"]
[SourceTitle "CBM 048"]
[Source "ChessBase"]
[SourceDate "1995.10.01"]
[SourceVersion "1"]
[SourceVersionDate "1995.10.01"]
[SourceQuality "1"]

1. e4 c6 2. d4 d5 3. Nd2 dxe4 4. Nxe4 Bf5 5. Ng3 Bg6 6. h4 h6 7. Nf3 Nd7 8. h5
Bh7 9. Bd3 Bxd3 10. Qxd3 e6 11. Bf4 Qa5+ 12. Bd2 Qc7 13. O-O-O Ngf6 14. Qe2 c5
15. Rh4 Rc8 16. Nf5 cxd4 17. N3xd4 Qc4 18. Qxc4 Rxc4 19. Re1 Rc5 20. Bb4 Rd5
21. Bxf8 Kxf8 22. Ng3 a6 23. c4 Re5 24. Rd1 Ke7 25. b4 Rc8 26. Kb2 Rg5 27. Nf3
Ne5 28. Nxg5 hxg5 29. Rhd4 Nxc4+ 30. Kb3 Ne5 31. Re1 Nc6 32. Rd2 g4 33. Nf5+
Kf8 34. Nd6 Rc7 35. Rc1 Nd5 36. Rc4 Ke7 37. Nf5+ exf5 38. Rxd5 Ke6 39. Rd1 Rc8
40. Rc5 Rh8 41. Rh1 Kf6 42. a4 Rd8 43. h6 Nd4+ 44. Kc4 Ne6 45. h7 Rh8 46. b5 g6
47. bxa6 Nxc5 48. Kxc5 bxa6 49. Kb6 f4 50. Kxa6 Ke5 51. Kb7 Ke4 52. a5 f3 53.
g3 f5 54. a6 f4 55. a7 fxg3 56. fxg3 f2 57. a8=Q Rxh7+ 58. Kb6+ 1-0

[Event "San Martin"]
[Site "San Martin"]
[Date "1995.??.??"]
[Round "8"]
[White "Becerra Rivero, Julio"]
[Black "Rodriguez Vila, Andres"]
[Result "1/2-1/2"]
[WhiteElo "2490"]
[BlackElo "2435"]
[PlyCount "38"]
[EventDate "1995.03.??"]
[EventType "tourn"]
[EventRounds "13"]
[EventCountry "ARG"]
[EventCategory "10"]
[SourceTitle "CBM 048"]
[Source "ChessBase"]
[SourceDate "1995.10.01"]
[SourceVersion "1"]
[SourceVersionDate "1995.10.01"]
[SourceQuality "1"]

1. e4 d5 2. exd5 Qxd5 3. Nc3 Qa5 4. d4 Nf6 5. Bc4 c6 6. Nge2 Bf5 7. Ng3 Bg6 8.
h4 h6 9. h5 Bh7 10. Qe2 e6 11. Bb3 Bb4 12. Bd2 Nbd7 13. O-O O-O 14. a3 Bxc3 15.
Bxc3 Qg5 16. Rfe1 Qh4 17. Qf3 Ng4 18. Qf4 Ndf6 19. f3 Nxh5 1/2-1/2

[Event "San Martin"]
[Site "San Martin"]
[Date "1995.??.??"]
[Round "9"]
[White "Rodriguez Vila, Andres"]
[Black "Soppe, Guillermo"]
[Result "1-0"]
[WhiteElo "2435"]
[BlackElo "2445"]
[PlyCount "57"]
[EventDate "1995.03.??"]
[EventType "tourn"]
[EventRounds "13"]
[EventCountry "ARG"]
[EventCategory "10"]
[SourceTitle "CBM 048"]
[Source "ChessBase"]
[SourceDate "1995.10.01"]
[SourceVersion "1"]
[SourceVersionDate "1995.10.01"]
[SourceQuality "1"]

1. e4 c6 2. d4 d5 3. e5 Bf5 4. Be2 e6 5. Nf3 Nd7 6. O-O Ne7 7. c3 c5 8. a3 Nc6
9. b4 c4 10. Nbd2 Be7 11. Ne1 Qb6 12. Nc2 g5 13. a4 Qc7 14. Ne3 Bg6 15. Ba3 a6
16. b5 axb5 17. Bxe7 Nxe7 18. axb5 O-O 19. Nf3 Qb6 20. Qd2 Qxb5 21. Ng4 Kg7 22.
Rxa8 Rxa8 23. Qxg5 Ng8 24. h4 Qb2 25. Bd1 h5 26. Ne3 Nf8 27. g4 Nh7 28. Qf4
hxg4 29. Nxg4 1-0

[Event "San Martin"]
[Site "San Martin"]
[Date "1995.??.??"]
[Round "10"]
[White "Rodriguez Vila, Andres"]
[Black "Scarella, Enrique Alejandro"]
[Result "1-0"]
[WhiteElo "2435"]
[BlackElo "2380"]
[PlyCount "101"]
[EventDate "1995.03.??"]
[EventType "tourn"]
[EventRounds "13"]
[EventCountry "ARG"]
[EventCategory "10"]
[SourceTitle "CBM 048"]
[Source "ChessBase"]
[SourceDate "1995.10.01"]
[SourceVersion "1"]
[SourceVersionDate "1995.10.01"]
[SourceQuality "1"]

1. e4 c5 2. Nf3 d6 3. d4 cxd4 4. Nxd4 Nf6 5. Nc3 Nc6 6. Be3 Ng4 7. Bb5 Nxe3 8.
fxe3 Bd7 9. O-O Ne5 10. Nf3 Ng6 11. Qd5 Bxb5 12. Nxb5 Qd7 13. Ng5 e6 14. Qc4
Rc8 15. Qb3 Rc5 16. Rxf7 Rxb5 17. Rxd7 Rxb3 18. Rc7 Rxb2 19. Nxe6 Rb4 20. c4
Be7 21. Nxg7+ Kf7 22. Nf5 Ke6 23. Rd1 Rb6 24. a4 Bd8 25. Rg7 Bf6 26. a5 Ra6 27.
Rxb7 Ne7 28. Nd4+ Kf7 29. Rf1 Rc8 30. Nf5 Ke6 31. Nd4+ Kf7 32. Nf5 Ke6 33. Nd4+
Ke5 34. Rb5+ Rc5 35. Nb3 Bg5 36. Rf3 Rac6 37. Nxc5 dxc5 38. Rg3 h6 39. Rb7 Nc8
40. Kf1 Kxe4 41. Ke2 Bd8 42. Rd7 Rd6 43. Rg4+ Kf5 44. Rf4+ Ke5 45. Rdf7 Ne7 46.
Kf3 Rg6 47. a6 Ke6 48. Rh7 Nc6 49. g3 Be7 50. Re4+ Ne5+ 51. Rxe5+ 1-0

[Event "San Martin"]
[Site "San Martin"]
[Date "1995.??.??"]
[Round "11"]
[White "Sorin, Ariel"]
[Black "Rodriguez Vila, Andres"]
[Result "1-0"]
[WhiteElo "2505"]
[BlackElo "2435"]
[PlyCount "45"]
[EventDate "1995.03.??"]
[EventType "tourn"]
[EventRounds "13"]
[EventCountry "ARG"]
[EventCategory "10"]
[SourceTitle "CBM 048"]
[Source "ChessBase"]
[SourceDate "1995.10.01"]
[SourceVersion "1"]
[SourceVersionDate "1995.10.01"]
[SourceQuality "1"]

1. d4 e6 2. c4 Nf6 3. Nf3 c5 4. e3 b6 5. Nc3 cxd4 6. exd4 d5 7. cxd5 Nxd5 8.
Ne5 Bb4 9. Bb5+ Bd7 10. Nxd7 Nxc3 11. bxc3 Bxc3+ 12. Bd2 Bxd2+ 13. Qxd2 Nxd7
14. d5 e5 15. Qb4 Qe7 16. Qa4 Rd8 17. O-O a5 18. Rac1 Qd6 19. Rc6 Qb8 20. Qa3
h5 21. Rfc1 Qb7 22. Rc7 Qxd5 23. Rxd7 1-0

[Event "San Martin"]
[Site "San Martin"]
[Date "1995.??.??"]
[Round "13"]
[White "Spangenberg, Hugo"]
[Black "Rodriguez Vila, Andres"]
[Result "1/2-1/2"]
[WhiteElo "2500"]
[BlackElo "2435"]
[PlyCount "100"]
[EventDate "1995.03.??"]
[EventType "tourn"]
[EventRounds "13"]
[EventCountry "ARG"]
[EventCategory "10"]
[SourceTitle "CBM 048"]
[Source "ChessBase"]
[SourceDate "1995.10.01"]
[SourceVersion "1"]
[SourceVersionDate "1995.10.01"]
[SourceQuality "1"]

1. Nf3 f5 2. g3 Nf6 3. Bg2 g6 4. d4 Bg7 5. b3 O-O 6. Bb2 c6 7. O-O Na6 8. c4 d6
9. Nbd2 h6 10. Qc2 g5 11. e4 Nxe4 12. Nxe4 Nb4 13. Qd2 fxe4 14. Nxg5 Nd3 15.
Bc3 hxg5 16. Bxe4 Nf4 17. gxf4 Rxf4 18. Rfe1 Bh3 19. d5 Qd7 20. Kh1 Qg4 21. Rg1
Qh4 22. Bxg7 Rxf2 23. Qe1 Qf4 24. Bg2 Rxg2 25. Rxg2 Qf3 26. Qe2 Bxg2+ 27. Qxg2
Qxg2+ 28. Kxg2 Kxg7 29. Re1 Kf7 30. Rf1+ Kg6 31. Re1 Re8 32. Kg3 Kf5 33. Rf1+
Kg6 34. Re1 cxd5 35. cxd5 Kf5 36. h3 b5 37. a4 b4 38. a5 e5 39. dxe6 Rxe6 40.
Rf1+ Kg6 41. Rd1 Kh5 42. Rd4 Re3+ 43. Kg2 Rxb3 44. Rxd6 Ra3 45. Ra6 g4 46. Rxa7
gxh3+ 47. Kh2 Kg4 48. Rg7+ Kf3 49. Rb7 b3 50. a6 Ra2+ 1/2-1/2

[Event "Pico City op"]
[Site "Pico City"]
[Date "1996.??.??"]
[Round "1"]
[White "Rodriguez Vila, Andres"]
[Black "Llanos, Guillermo"]
[Result "1-0"]
[WhiteElo "2565"]
[BlackElo "2400"]
[PlyCount "94"]
[EventDate "1996.??.??"]
[EventType "swiss"]
[EventRounds "9"]
[EventCountry "ARG"]
[SourceTitle "EXT 1998"]
[Source "ChessBase"]
[SourceDate "1997.11.17"]
[SourceVersion "1"]
[SourceVersionDate "1997.11.17"]
[SourceQuality "1"]

1. e4 c5 2. Nf3 Nc6 3. d4 cxd4 4. Nxd4 Nf6 5. Nc3 d6 6. f3 Qb6 7. Nb3 e6 8. Qe2
Be7 9. Be3 Qc7 10. O-O-O a6 11. g4 b5 12. g5 Nd7 13. h4 Nb6 14. f4 b4 15. Nd5
exd5 16. exd5 Nb8 17. Bg2 Na4 18. Be4 Nd7 19. Bd4 Ndc5 20. Bxg7 Rg8 21. Bd4 Bg4
22. Qxg4 Nxe4 23. Rhe1 Rc8 24. Re2 Kd8 25. f5 Nac5 26. Nxc5 Nxc5 27. f6 Bf8 28.
Bxc5 Qxc5 29. Qe4 Qb5 30. Rde1 Rh8 31. Qd4 Rc7 32. Qg4 Rc5 33. Re8+ Qxe8 34.
Rxe8+ Kxe8 35. Qe4+ Kd8 36. Qg4 h6 37. g6 fxg6 38. Qxg6 h5 39. f7 Rh6 40. Qe4
Be7 41. a4 bxa3 42. b4 Rc3 43. Qd4 Rf3 44. Qb6+ Kd7 45. Qxa6 Bf8 46. Qa4+ Ke7
47. Qe8+ Kf6 1-0

[Event "Pico City op"]
[Site "Pico City"]
[Date "1996.??.??"]
[Round "2"]
[White "Navarro, Nelson"]
[Black "Rodriguez Vila, Andres"]
[Result "1-0"]
[WhiteElo "2450"]
[BlackElo "2565"]
[PlyCount "93"]
[EventDate "1996.??.??"]
[EventType "swiss"]
[EventRounds "9"]
[EventCountry "ARG"]
[SourceTitle "EXT 1998"]
[Source "ChessBase"]
[SourceDate "1997.11.17"]
[SourceVersion "1"]
[SourceVersionDate "1997.11.17"]
[SourceQuality "1"]

1. c4 f5 2. Nc3 Nf6 3. g3 e5 4. Bg2 d6 5. d3 Be7 6. Nh3 O-O 7. O-O c6 8. f4 Na6
9. Rb1 e4 10. dxe4 fxe4 11. Nf2 d5 12. Be3 Be6 13. cxd5 cxd5 14. Nb5 h5 15. Nd4
Bd7 16. Rc1 h4 17. gxh4 Qe8 18. f5 Bd6 19. Nh3 Bxh2+ 20. Kh1 Bg3 21. Bg5 Qh5
22. Nf4 Bxf4 23. Rxf4 Nh7 24. e3 Qxd1+ 25. Rxd1 Rae8 26. Ne6 Bxe6 27. fxe6 Nxg5
28. Rxf8+ Rxf8 29. hxg5 Nc7 30. Bh3 Rf3 31. Kg2 Rxe3 32. Bg4 g6 33. Rf1 Rd3 34.
e7 Rd2+ 35. Kg1 e3 36. Rf8+ Kg7 37. Rc8 Ne8 38. Rxe8 Kf7 39. Rg8 Kxe7 40. Rxg6
d4 41. Rg7+ Kd6 42. g6 d3 43. Rd7+ Kc6 44. g7 e2 45. Re7 Rd1+ 46. Kg2 d2 47.
Bxe2 1-0

[Event "Pico City op"]
[Site "Pico City"]
[Date "1996.??.??"]
[Round "3"]
[White "Rodriguez Vila, Andres"]
[Black "Farah, Rodolfo"]
[Result "1-0"]
[WhiteElo "2565"]
[BlackElo "2170"]
[PlyCount "79"]
[EventDate "1996.??.??"]
[EventType "swiss"]
[EventRounds "9"]
[EventCountry "ARG"]
[SourceTitle "EXT 1998"]
[Source "ChessBase"]
[SourceDate "1997.11.17"]
[SourceVersion "1"]
[SourceVersionDate "1997.11.17"]
[SourceQuality "1"]

1. e4 e5 2. Nf3 Nc6 3. Bc4 Nf6 4. d3 d6 5. c3 Be7 6. Bb3 Na5 7. Bc2 c5 8. Nbd2
O-O 9. h3 Nc6 10. Nf1 d5 11. Qe2 d4 12. g4 b5 13. Ng3 dxc3 14. bxc3 b4 15. c4
Nd7 16. Nf5 Nd4 17. N3xd4 cxd4 18. O-O a5 19. f4 Ra6 20. Qh2 a4 21. fxe5 Nc5
22. Bf4 Ne6 23. Bg3 Bd7 24. h4 Rb6 25. Kh1 Bc5 26. h5 b3 27. axb3 axb3 28. Bb1
h6 29. Bh4 Ng5 30. Ra5 Qc8 31. Qf4 f6 32. exf6 Bxf5 33. f7+ Rxf7 34. gxf5 Bd6
35. Qg4 Bb4 36. Rd5 Bd2 37. Rxd4 Ra6 38. Rd5 Rc6 39. Qd1 Be3 40. Qxb3 1-0